000 00807nam a22002657a 4500
005 20170124110009.0
010 _a993218
020 _c00.00
035 _a993218
037 _bCen Lib/Ret
040 _aDPL
_bEN
082 _a330.15
_bHAN
100 _aHansen, Alvin H.
_917435
245 _aA guide to keynes /
_cby Alvin H. Hansen
250 _aTMH ed.
260 _aNew Delhi
_bMcGraw-Hill Publishing Company
_c1980
270 _a5/33, Kriti Nagar Industrial Area
_bNew Delhi
_e1100015
300 _axiii, 237p. :
_c20cm(Hb)
_bill
490 _aEconomics handbook series ; edited by Seymour E. Harris
500 _aIncludes index
650 _aEconomic history
_96496
650 _aCommerce
_980107
700 _aHarris, Seymour E.
_980108
942 _2ddc
_cEN
_h330.15
_mHAN
999 _c126401
_d126401